000 00249nam a2200097Ia 4500
001 639840
005 20250826153435.0
008 250824s9999 xx 000 0 und d
245 0 _aGelincik Diz/Kırmızı Bisiklet
_cGülten Dayıoğlu
260 _bALTIN
999 _c639840
_d639840